000 00437nam a2200157Ia 4500
008 240729s9999 xx 000 0 und d
022 _a2345-511X
245 0 _aJournal of Algebraic Systems
260 _aIran, Islamic Republic of
260 _bShahrood University of Technology
650 _a Mathematics
650 _aScience
856 _uhttps://doaj.org/toc/b24abd3103c1431281c69f065da8e475
942 _2ddc
942 _cDOAJEJ
999 _c70129
_d70129
945 _a1
_bMadushi Gamage
_c1
_dMadushi Gamage